| 000 | 01692cam a2200445 4500 | ||
|---|---|---|---|
| 003 | PE-LiUPU | ||
| 005 | 20250731173425.0 | ||
| 020 | _a1558831282 | ||
| 035 | _a(Sirsi) i9781558831285 | ||
| 035 | _a(Sirsi) 47899 | ||
| 035 | _a(Sirsi) 47899 | ||
| 082 | 0 | 4 |
_a248.866 _bZ84 |
| 100 | 1 |
_aZonnebelt-Smeenge, Susan J. _d1948- |
|
| 245 | 1 | 3 |
_aLa otra cara del dolor : _bcómo superar la muerte de su cónyuge / _cSusan Zonnebelt-Smeenge y Robert de Vries. |
| 264 | 1 |
_aGrand Rapids, Michigan : _bLibros Desafío, _c2004 |
|
| 300 |
_a163 páginas ; _c23 cm. |
||
| 505 | 0 | _a¿Por qué pasamos por el luto? -- ¿Cómo vives el luto? -- ¿En qué consiste el proceso del duelo? -- ¿Cómo puedes tomar las riendas de tu propio luto? -- ¿Cómo puedes proceder en tu duelo? -- ¿Cómo afecta el sexo a tu duelo? -- ¿Cómo seguir | |
| 526 | _aSEG42 | ||
| 526 | _aSEG41 | ||
| 526 | _aSEG40 | ||
| 526 | _aSEG39 | ||
| 526 | _aP94 | ||
| 526 | _aP87 | ||
| 526 | _aP86 | ||
| 526 | _aP85 | ||
| 526 | _aP77 | ||
| 526 | _aP76 | ||
| 526 | _aP35 | ||
| 650 | 1 | 4 | _aDuelo. |
| 650 | 1 | 4 |
_aDuelo _xCristianismo. |
| 700 | 1 |
_aMartínez, José Luis _etr. |
|
| 700 | 1 |
_aMartín, Juan Carlos _erev. |
|
| 942 |
_2ddc _cBOOK |
||
| 949 |
_a248.866 Z84 _i65713 _lCCODEBUL1 _mBUL _tLIBRO _o.STAFF. Colección General |
||
| 859 |
_q65713 _h248.866 _iZ84 |
||
| 910 |
_agl _bjv _cng _d20121025 |
||
| 596 | _a1 | ||
| 999 |
_a248.866 Z84 _wDEWEY _c54147 _i65713 _f2021-11-10 _g5 _lCCODEBUL1 _mBUL _p24.00 _r0 _sY _tBOOK _u2015-7-6 _xTEOLOGIA _PP35 _0COMPRA _o.STAFF. Colección General _d54147 |
||
| 980 |
_81 _gALBERTO SANCHEZ Responsable de Automatización |
||